Video Game Titles From A Parallel Dimension - Statistics

General Stats
  • This quiz has been taken 21 times
  • The average score is 11 of 20
Answer Stats
Parallel Dimension Our Dimension % Correct
2d fighting game... Lethal Battle Mortal Kombat
89%
Battle Royal... 2 Weeks Fortnite
84%
Sandbox game... Excavate-Create Minecraft
84%
Single-Player puzzle game... Gateway Portal
79%
Old Western game... Crimson Cadaver Return Red Dead Redemption
79%
Story bases alien game... Partial Living Half Life
74%
Dancing Game Only Movements Just Dance
74%
First-Person shooter... Signal for Responsibility Call of Duty
68%
Zombie survival game... Quiet Mound Silent Hill
68%
Single-Player RPG... Old Readings: Airedge Elder Scrolls: Skyrim
58%
Platformer game... Shape Jump Geometry Dash
58%
Disaster-World RPG... Wasteland Fallout
53%
DC Fighting game... Inequity Injustice
47%
Mech fighter game... Giant Drop Titanfall
47%
A RPG game... Planet for Fighting World of Warcraft
42%
Card based combat game... Defeat the Tower Slay the Spire
32%
Zombie survival game... Situation of Decomposer State of Decay
32%
Perspective puzzle game Mega-Smallspace Superliminal
11%
Top-down roguelike... Ghoul Defenders Vampire Survivors
11%
Superhuman game... First-Design Prototype
5%
No matching quizzes found
Score Distribution
Percent of People with Each Score
Percentile by Number Answered
Your Score History
You have not taken this quiz